Najpopularniejsze imienia żeńskie w Polsce (2019) - Statystyki

Ogólne statystyki
  • Ten quiz został rozwiązany 1 026 razy
  • Średni wynik to 5 z 10
Statystyki odpowiedzi
# Imię % Poprawnych
2 Julia
76%
3 Zuzanna
64%
1 Zofia
57%
10 Aleksandra
56%
7 Maja
50%
5 Maria
50%
4 Hanna
41%
6 Alicja
32%
9 Antonina
20%
8 Helena
16%
Nie znaleziono quizów pasujących do podanych kryteriów
Rozkład punktacji
Procent ludzi z każdym wynikiem
Percentyl według liczby udzielonych odpowiedzi
Twoja historia wyników
Nie rozwiązałeś tego quizu